[Event "Santa Fe Rafaela U2200 op"]
[Site "Santa Fe"]
[Date "2018.09.16"]
[Round "5.3"]
[White "Ferreyra, Pablo"]
[Black "Dickau, Daniel"]
[Result "0-1"]
[WhiteElo "1814"]
[BlackElo "1953"]
[PlyCount "78"]
[EventDate "2018.09.14"]
[EventType "swiss"]
[EventRounds "7"]
[EventCountry "ARG"]
[SourceTitle "EXT 2024"]
[Source "ChessBase"]
[SourceDate "2023.10.10"]
[SourceVersion "1"]
[SourceVersionDate "2023.10.10"]
[SourceQuality "1"]

1. e4 c6 2. d4 d5 3. Nd2 dxe4 4. Nxe4 Bf5 5. Ng3 Bg6 6. N1e2 Nf6 7. Nf4 Qc7 8. Bc4 e6 9. 0-0 Bd6 10. Qf3 Bxc2 11. Bxe6 fxe6 12. Nxe6 Qd7 13. Qe2 Bg6 14. Nxg7+ Kf7 15. N7h5 Bxh5 16. Nxh5 Qg4 17. Qc4+ Nd5 18. Ng3 Nd7 19. h3 Qg6 20. Bd2 Rhg8 21. Qb3 Rab8 22. Rae1 N7f6 23. Re3 h5 24. h4 Qg4 25. Rf3 Qxh4 26. Re1 Bxg3 27. fxg3 Qxd4+ 28. Rf2 Rg4 29. Bc3 Qc4 30. Bxf6 Qxb3 31. Bh4+ Kg8 32. axb3 Rf8 33. Rfe2 Rf5 34. Re8+ Kf7 35. Rd8 Rb4 36. Ree8 Nf6 37. Re3 Rd5 38. Rb8 Rd1+ 39. Kf2 Ng4+ 0-1

[Event "Santa Fe Rafaela U2200 op"]
[Site "Santa Fe"]
[Date "2018.09.16"]
[Round "6.5"]
[White "Ghiberto, Lucia"]
[Black "Ferreyra, Pablo"]
[Result "0-1"]
[WhiteElo "1193"]
[BlackElo "1814"]
[PlyCount "64"]
[EventDate "2018.09.14"]
[EventType "swiss"]
[EventRounds "7"]
[EventCountry "ARG"]
[SourceTitle "EXT 2024"]
[Source "ChessBase"]
[SourceDate "2023.10.10"]
[SourceVersion "1"]
[SourceVersionDate "2023.10.10"]
[SourceQuality "1"]

1. e4 d5 2. e5 c5 3. c3 Bf5 4. d4 e6 5. Nf3 h6 6. Bd3 Bxd3 7. Qxd3 Nc6 8. b3 Nge7 9. Bb2 Qd7 10. Na3 cxd4 11. Nxd4 Nxe5 12. Qe2 N7c6 13. Nac2 Be7 14. 0-0 0-0 15. Rfe1 Nxd4 16. Nxd4 Bf6 17. Rad1 Nc6 18. Qb5 a6 19. Qd3 Nxd4 20. cxd4 Rfc8 21. Re2 Rc6 22. Rc2 Rxc2 23. Qxc2 Rc8 24. Qd2 Rc6 25. Qd3 Qc7 26. Rb1 Rc2 27. g3 Rxb2 28. Ra1 Qc2 29. Qe3 Rb1+ 30. Rxb1 Qxb1+ 31. Kg2 Qe4+ 32. Qxe4 dxe4 0-1

[Event "Parana Dos Orillas 7th"]
[Site "Parana"]
[Date "2018.08.03"]
[Round "2.8"]
[White "Raviolo, Ignacio"]
[Black "Ferreyra, Pablo"]
[Result "1-0"]
[WhiteElo "2139"]
[BlackElo "1812"]
[PlyCount "75"]
[EventDate "2018.08.03"]
[EventType "swiss"]
[EventRounds "6"]
[EventCountry "ARG"]
[SourceTitle "EXT 2024"]
[Source "ChessBase"]
[SourceDate "2023.10.10"]
[SourceVersion "1"]
[SourceVersionDate "2023.10.10"]
[SourceQuality "1"]

1. e4 d5 2. exd5 Qxd5 3. Nf3 Nc6 4. d4 e6 5. Be2 Nf6 6. 0-0 Be7 7. c4 Qd8 8. Nc3 0-0 9. h3 b6 10. Be3 Bb7 11. Qa4 Qd7 12. Rfd1 Nb4 13. Qb3 a5 14. Ne5 Qe8 15. Na4 Ne4 16. a3 Nc6 17. Nf3 Nf6 18. c5 Ba6 19. Bxa6 Rxa6 20. Rac1 Qa8 21. cxb6 cxb6 22. Qb5 Rc8 23. Ne5 Nxe5 24. Rxc8+ Qxc8 25. dxe5 Nd5 26. Rc1 Qb7 27. Qe8+ Bf8 28. Rc8 Qe7 29. Qb5 Qb7 30. Rxf8+ Kxf8 31. Nc5 Nc7 32. Qd7 Qb8 33. Qd6+ Kg8 34. Nxa6 Nxa6 35. Bxb6 a4 36. Kf1 Qxd6 37. exd6 Kf8 38. d7 1-0

[Event "ARG-ch sf U2000"]
[Site "Villa Carlos Paz"]
[Date "2018.06.30"]
[Round "1.4"]
[White "Ferreyra, Pablo"]
[Black "Perez, Miguel"]
[Result "0-1"]
[WhiteElo "1780"]
[BlackElo "1598"]
[PlyCount "76"]
[EventDate "2018.06.30"]
[EventType "swiss"]
[EventRounds "5"]
[EventCountry "ARG"]
[SourceTitle "EXT 2024"]
[Source "ChessBase"]
[SourceDate "2023.10.10"]
[SourceVersion "1"]
[SourceVersionDate "2023.10.10"]
[SourceQuality "1"]

1. e4 c5 2. Nf3 d6 3. d4 cxd4 4. Qxd4 Nc6 5. Bb5 Bd7 6. Bxc6 Bxc6 7. c4 Nf6 8. Nc3 e6 9. 0-0 Be7 10. b3 a6 11. Rd1 Qc7 12. h3 0-0 13. Bb2 Rfd8 14. Rac1 Rac8 15. Nd5 exd5 16. cxd5 Qd7 17. dxc6 Rxc6 18. Nh4 Rdc8 19. Rxc6 Rxc6 20. Nf5 Bf8 21. Rd3 Qe6 22. Rg3 Kh8 23. Kh2 Rc2 24. f4 d5 25. Nxg7 Bxg7 26. f5 Qe7 27. e5 Rxb2 28. Qxb2 Ng4+ 29. Kh1 Bxe5 30. Qe2 Nf6 31. Rd3 Ne4 32. g4 Qc5 33. Kg2 Bc7 34. h4 Qd6 35. Rh3 Qf4 36. g5 Qxf5 37. Qh5 Nd2 38. Rd3 Qf1# 0-1

[Event "ARG-ch sf U2000"]
[Site "Villa Carlos Paz"]
[Date "2018.06.30"]
[Round "2.5"]
[White "Pereyra, Alberto"]
[Black "Ferreyra, Pablo"]
[Result "0-1"]
[WhiteElo "1610"]
[BlackElo "1780"]
[PlyCount "62"]
[EventDate "2018.06.30"]
[EventType "swiss"]
[EventRounds "5"]
[EventCountry "ARG"]
[SourceTitle "EXT 2024"]
[Source "ChessBase"]
[SourceDate "2023.10.10"]
[SourceVersion "1"]
[SourceVersionDate "2023.10.10"]
[SourceQuality "1"]

1. Nf3 d5 2. c4 Nf6 3. e3 e6 4. cxd5 exd5 5. d4 Bd6 6. b3 Qe7 7. h3 Ne4 8. a3 a5 9. Bb2 c6 10. Nbd2 f5 11. Be2 Ng3 12. Rg1 0-0 13. Ne5 Nxe2 14. Qxe2 f4 15. exf4 Rxf4 16. g3 Rf6 17. h4 Bf5 18. g4 Be6 19. Qe3 Nd7 20. f4 Re8 21. Ndf3 Qf8 22. f5 Bf7 23. Kd2 Nb6 24. Qd3 g6 25. Ng5 Qh6 26. Kd1 Qxh4 27. Ngxf7 Qf2 28. Rf1 Qxb2 29. Rb1 Qg2 30. Nxd6 Rxd6 31. fxg6 hxg6 0-1